|
|
|
|
| LEADER |
00982cam a2200229 a 4500 |
| 001 |
14824921 |
| 003 |
GR-PaULI |
| 005 |
20210117210722.0 |
| 008 |
070427s2007 nyua b 001 0 eng |
| 952 |
|
|
|0 0
|1 0
|2 ddc
|4 0
|6 355_021000000000000_709_045_RHO
|7 0
|9 225946
|a LISP
|b LISP
|c BSC
|d 2018-09-25
|i 138195
|l 0
|o 355.021 709 045 RHO
|p 025000259055
|r 2018-09-25 00:00:00
|t 1
|v 2018.00
|w 2018-09-25
|y BK15
|
| 999 |
|
|
|c 136340
|d 136340
|
| 020 |
|
|
|a 9780375414138
|
| 040 |
|
|
|a DLC
|c DLC
|d DLC
|b gre
|e AACR2
|
| 082 |
0 |
0 |
|a 355.021 709 045
|2 23
|
| 100 |
1 |
|
|a Rhodes, Richard
|d 1937-
|9 154172
|e συγγραφέας.
|
| 245 |
1 |
0 |
|a Arsenals of folly :
|b the making of the nuclear arms race /
|c Richard Rhodes.
|
| 260 |
|
|
|a New York :
|b Alfred A. Knopf,
|c 2007.
|
| 300 |
|
|
|a 386 σ. :
|b εικ. ;
|c 25 εκ.
|
| 504 |
|
|
|a Περιλαμβάνει βιβλιογραφικές παραπομπές και ευρετήριο.
|
| 650 |
|
4 |
|a Πυρηνικά όπλα
|9 53913
|
| 942 |
|
|
|2 ddc
|c BK15
|
| 998 |
|
|
|c ΜΠΟΥΡΑΣ
|d 2018-09
|